Perusahaan ayam kampung sebagai ayam daging

Bibliographic Details
Main Authors: Cahyono, Bambang (Author), Natasha Azmi (Author)
Format: Book
Language:Malay
Published: Kuala Lumpur : Synergy Media , [200?]
Series:Siri pertanian dan industri kecil
Subjects:

MARC

LEADER 00000cam a2200000 7i4500
001 0000067721
005 20110811093000.0
008 100720s200u my may
020 |a 9673220883 (pbk.) 
020 |a 9789673220885 (pbk.) 
090 0 0 |a SF487   |b .C34 
100 1 |a Cahyono, Bambang ,   |e author 
245 1 0 |a Perusahaan ayam kampung sebagai ayam daging   |c Bambang Cahyono, perterjemah Natasha Azmi 
260 |a Kuala Lumpur :   |b Synergy Media ,   |c [200?] 
300 |a 79 p. :   |b col. ill. ;   |c 23 cm. 
490 1 |a Siri pertanian dan industri kecil 
505 0 |a 1. Nilai perniagaan dan keunggulannya -- 2. Jenis-jenis ayam kampung -- 3. Lokasi perkembangan perusahaan -- 4. Reban dan peralatan -- 5. Pemeliharaan secara insentif -- 6. Pemberian makanan dan air minuman -- 7. Penjagaan kesihatan -- 8. Pengeluaran dan pemasaran -- 9. Analisis kelayakan perusahaan 
650 0 |a Chicken breeds 
650 0 |a Poultry breeds 
650 0 |a Poultry industry 
700 0 |a Natasha Azmi ,   |e author 
999 |a 1000132267   |b Book   |c OPEN SHELF (30 DAYS)   |e Tembila Campus